|
|
|
|
| LEADER |
00000naa2a2200000 4500 |
| 001 |
153355 |
| 005 |
20231031151359.0 |
| 035 |
|
|
|a (RuTPU)RU\TPU\book\166379
|
| 090 |
|
|
|a 153355
|
| 100 |
|
|
|a 20090211d2008 k y0rusy50 ca
|
| 101 |
0 |
|
|a rus
|
| 102 |
|
|
|a RU
|
| 200 |
1 |
|
|a Семантика и символика дизайна оконных наличников города Томска
|f Н. С. Будянская
|g науч. рук. М. С. Кухта
|
| 461 |
|
1 |
|0 (RuTPU)RU\TPU\book\156858
|t Современные техника и технологии
|o 14 Международная научно-практическая конференция студентов, аспирантов и молодых ученых, г. Томск, 24-28 марта 2008 г.
|o труды
|o в 3 т.
|f Томский политехнический университет (ТПУ)
|d 2008
|
| 463 |
|
0 |
|0 (RuTPU)RU\TPU\book\155178
|t Т. 3
|v С. 466-468
|d 2008
|p 621 с.
|
| 610 |
1 |
|
|a Томск
|
| 610 |
1 |
|
|a деревянная архитектура
|
| 610 |
1 |
|
|a оконные наличники
|
| 610 |
1 |
|
|a дизайн
|
| 610 |
1 |
|
|a семантика
|
| 610 |
1 |
|
|a символика
|
| 610 |
1 |
|
|a культурное наследие
|
| 610 |
1 |
|
|a окна
|
| 610 |
1 |
|
|a мировое дерево
|
| 610 |
1 |
|
|a труды учёных ТПУ
|
| 700 |
|
1 |
|a Будянская
|b Н. С.
|
| 702 |
|
1 |
|a Кухта
|b М. С.
|4 727
|
| 801 |
|
1 |
|a RU
|b 63413507
|c 20090211
|g PSBO
|
| 801 |
|
2 |
|a RU
|b 63413507
|c 20141110
|g RCR
|
| 942 |
|
|
|c BK
|